[Event "Tournoi francophone 005 Groupe B"]
[Site "Skype"]
[Date "????.??.??"]
[Round "1.1"]
[White "Siret, Bernard"]
[Black "Farthouat, Titoine"]
[Result "1-0"]
[WhiteElo "1714"]
[BlackElo "1622"]
[PlyCount "67"]

1. e4 c5 2. Nf3 d6 3. d4 Nf6 4. Nc3 cxd4 5. Nxd4 a6 6. f3 e6 7. Be3 Nc6 8. g4
d5 9. g5 Nd7 10. exd5 Nxd4 11. Qxd4 e5 12. Qa4 b5 13. Qb3 Nc5 14. Bxc5 Bxc5 15.
Bxb5+ axb5 16. Qxb5+ Bd7 17. Qxc5 Qxg5 18. Ne4 Qh4+ 19. Ke2 Qe7 20. c4 Qxc5 21.
Nxc5 Bf5 22. b4 O-O 23. a3 Rfe8 24. Ne4 Re7 25. c5 Rea7 26. b5 Rxa3 27. Rxa3
Rxa3 28. b6 Bc8 29. Rb1 Ra8 30. b7 Bxb7 31. Rxb7 Rd8 32. c6 f5 33. c7 Rc8 34.
Nd6 1-0

[Event "Tournoi francophone 005 Groupe B"]
[Site "Skype"]
[Date "????.??.??"]
[Round "1.3"]
[White "Brun, Jacques"]
[Black "Sahrane, Juba"]
[Result "1-0"]
[WhiteElo "1774"]
[BlackElo "1675"]
[PlyCount "107"]

1. e4 e6 2. d4 d5 3. Nc3 Nf6 4. Bg5 Be7 5. e5 Nfd7 6. Bxe7 Qxe7 7. f4 O-O 8.
Nf3 c5 9. Ne2 Nc6 10. c3 cxd4 11. cxd4 f6 12. Qd2 Qb4 13. Nc3 fxe5 14. fxe5 Nb6
15. a3 Qe7 16. Rc1 Na5 17. Qc2 Nbc4 18. Nd1 Bd7 19. Bd3 h6 20. O-O Rac8 21. Qe2
Nb3 22. Rb1 Rxf3 23. gxf3 Ncd2 24. Nc3 Nxb1 25. Bxb1 Nxd4 26. Qd3 Nf5 27. Rf2
a6 28. Qd2 Rf8 29. Rg2 Qh4 30. Qf2 Qxf2+ 31. Rxf2 Be8 32. f4 Bg6 33. Ne2 Nh4
34. Bxg6 Nxg6 35. Kg2 Rf7 36. Kg3 Kf8 37. Kf3 Nxe5+ 38. Kg3 Nd3 39. Rg2 Nxb2
40. Nd4 Nd3 41. Nxe6+ Ke7 42. Re2 Kd6 43. Nd8 Nxf4 44. Nxf7+ Kc5 45. Kxf4 d4
46. Ke4 Kc4 47. Rb2 Kc3 48. Rxb7 d3 49. Rc7+ Kb3 50. Kxd3 Kxa3 51. Kc2 a5 52.
Ne5 a4 53. Nc4+ Ka2 54. Ra7 1-0

[Event "Tournoi francophone 005 Groupe B"]
[Site "Skype"]
[Date "????.??.??"]
[Round "1.4"]
[White "Gerbaux, Regis"]
[Black "Sauvaget, Joel"]
[Result "0-1"]
[WhiteElo "1505"]
[BlackElo "1580"]
[PlyCount "40"]

1. e4 e5 2. Nf3 d6 3. d4 exd4 4. Qxd4 Nc6 5. Bb5 Bd7 6. Bxc6 Bxc6 7. O-O Nf6 8.
Nc3 Be7 9. Bf4 O-O 10. e5 dxe5 11. Bxe5 Qxd4 12. Nxd4 Rfd8 13. Nxc6 bxc6 14.
Bxc7 Rd2 15. Rac1 Bc5 16. h3 Re8 17. Bf4 Rd7 18. Rcd1 Rde7 19. a3 Nh5 20. Bc1
Ng3 0-1

[Event "Tournoi francophone 005 Groupe B"]
[Site "Skype"]
[Date "????.??.??"]
[Round "1.5"]
[White "Bourdeau, Yvan"]
[Black "Bousbia, Amine"]
[Result "1/2-1/2"]
[WhiteElo "1684"]
[BlackElo "1776"]
[PlyCount "58"]

1. e4 d5 2. exd5 Qxd5 3. Nc3 Qe6+ 4. Qe2 Qxe2+ 5. Bxe2 e5 6. d3 Nc6 7. Be3 Be6
8. Bf3 Nb4 9. Rc1 O-O-O 10. a3 Na2 11. Nxa2 Bxa2 12. Ne2 Kb8 13. Nc3 Be6 14.
O-O Nh6 15. Rfe1 Ng4 16. Bxg4 Bxg4 17. f3 Be6 18. Bf2 f6 19. Rcd1 Bd6 20. Nb5
a6 21. Nxd6 cxd6 22. Bb6 Rc8 23. Rc1 Rc6 24. Ba5 Rhc8 25. Re2 Bf5 26. Be1 h5
27. Rd2 d5 28. Bg3 d4 29. f4 Rc5 1/2-1/2

[Event "Tournoi francophone 005 Groupe B"]
[Site "Skype"]
[Date "????.??.??"]
[Round "2.1"]
[White "Farthouat, Titoine"]
[Black "Bousbia, Amine"]
[Result "0-1"]
[WhiteElo "1622"]
[BlackElo "1776"]
[PlyCount "112"]

1. d4 Nf6 2. c4 g6 3. Nc3 Bg7 4. e4 d6 5. Nf3 O-O 6. h3 a5 7. Be2 e5 8. dxe5
dxe5 9. Qxd8 Rxd8 10. Nxe5 Nxe4 11. Nxf7 Rf8 12. Nxe4 Rxf7 13. c5 Re7 14. Ng3
Na6 15. O-O Nxc5 16. Rd1 Be6 17. Bg5 Rd7 18. Rxd7 Nxd7 19. Rc1 c6 20. b3 Re8
21. Bc4 Bxc4 22. Rxc4 Re1+ 23. Nf1 Ra1 24. Rc2 Nf6 25. f3 Nd5 26. Kf2 h6 27.
Bd8 Rxf1+ 28. Kxf1 Ne3+ 29. Ke2 Nxc2 30. Bxa5 Kf7 31. Kd3 Nd4 32. Kc4 Ke6 33.
Bc3 b5+ 34. Kc5 Nxb3+ 35. axb3 Bxc3 36. Kxc6 b4 37. Kc5 Ke5 38. g3 g5 39. Kc4
h5 40. Kd3 Be1 41. g4 hxg4 42. fxg4 Kf4 43. Ke2 Bg3 44. Kd3 Kf3 45. Kc4 Be1 46.
Kd4 Kg3 47. Ke4 Kxh3 48. Ke5 Kh4 49. Ke4 Kxg4 50. Ke3 Kh3 51. Kf3 g4+ 52. Ke2
Bc3 53. Ke3 Kh2 54. Kf2 g3+ 55. Kf1 g2+ 56. Kf2 g1=Q+ 0-1

[Event "Tournoi francophone 005 Groupe B"]
[Site "Skype"]
[Date "????.??.??"]
[Round "2.2"]
[White "Sauvaget, Joel"]
[Black "Bourdeau, Yvan"]
[Result "1-0"]
[WhiteElo "1580"]
[BlackElo "1684"]
[PlyCount "79"]

1. d4 d5 2. c4 e6 3. e3 Nf6 4. Nc3 Bb4 5. Bd2 c6 6. Nf3 Nbd7 7. Bd3 dxc4 8.
Bxc4 O-O 9. O-O Nd5 10. Nxd5 Bxd2 11. Qxd2 exd5 12. Bd3 Nf6 13. Ne5 Be6 14. Qc2
Qc7 15. f4 Rae8 16. Rf3 Ne4 17. Bxe4 dxe4 18. Rg3 f6 19. Ng4 Bxg4 20. Rxg4 f5
21. Rg3 Qf7 22. b3 Rc8 23. Rh3 Kh8 24. Qf2 Qf6 25. Rc1 Rfd8 26. Qe2 g6 27. g4
fxg4 28. Qxg4 Rd5 29. Kh1 Rcd8 30. Rg1 c5 31. Qxg6 Qxg6 32. Rxg6 Rg8 33. Re6
cxd4 34. Rxe4 dxe3 35. Rhxe3 Rd1+ 36. Re1 Rgd8 37. f5 Rxe1+ 38. Rxe1 Rd2 39. f6
Rf2 40. Re8# 1-0

[Event "Tournoi francophone 005 Groupe B"]
[Site "Skype"]
[Date "????.??.??"]
[Round "2.3"]
[White "Sahrane, Juba"]
[Black "Gerbaux, Regis"]
[Result "1-0"]
[WhiteElo "1675"]
[BlackElo "1505"]
[PlyCount "20"]

1. e4 e5 2. Nf3 Nf6 3. Nc3 Bb4 4. Bc4 Bxc3 5. dxc3 Nxe4 6. Qd5 O-O 7. Qxe4 d5
8. Qxd5 Be6 9. Qxd8 Rxd8 10. Bxe6 fxe6 1-0

[Event "Tournoi francophone 005 Groupe B"]
[Site "Skype"]
[Date "????.??.??"]
[Round "2.4"]
[White "Gharbi, Said"]
[Black "Brun, Jacques"]
[Result "0-1"]
[WhiteElo "1653"]
[BlackElo "1774"]
[PlyCount "27"]

1. e4 c5 2. c3 d5 3. d4 e6 4. e5 Nc6 5. Bb5 Bd7 6. Nf3 Nxe5 7. Bxd7+ Nxd7 8.
O-O Ngf6 9. Bf4 Be7 10. Nbd2 O-O 11. c4 cxd4 12. Nxd4 e5 13. Nf5 exf4 14. Qg4
0-1

[Event "Tournoi francophone 005 Groupe B"]
[Site "Skype"]
[Date "????.??.??"]
[Round "3.2"]
[White "Brun, Jacques"]
[Black "Siret, Bernard"]
[Result "1/2-1/2"]
[WhiteElo "1774"]
[BlackElo "1714"]
[PlyCount "90"]

1. e4 c5 2. Nf3 d6 3. d4 cxd4 4. Qxd4 Nc6 5. Bb5 Bd7 6. Bxc6 Bxc6 7. Nc3 e5 8.
Qd3 h6 9. Be3 Nf6 10. h3 Be7 11. Nh2 d5 12. exd5 Nxd5 13. Nxd5 Qxd5 14. Qxd5
Bxd5 15. f3 Bh4+ 16. Bf2 Bxf2+ 17. Kxf2 O-O 18. Rhe1 f6 19. Ng4 Kf7 20. Ne3 Be6
21. c4 Rfd8 22. Rad1 a6 23. b3 b5 24. Rc1 Rd4 25. c5 a5 26. c6 a4 27. c7 Rc8
28. Rc5 axb3 29. axb3 b4 30. Nc4 Bxc4 31. bxc4 Ke7 32. Rc1 Rd2+ 33. Kg3 b3 34.
Rc3 b2 35. Rb3 Kd6 36. Rd5+ Rxd5 37. cxd5 Rxc7 38. Rxb2 Kxd5 39. Rb8 Ke6 40.
Rb6+ Kf5 41. Rb4 h5 42. h4 g6 43. Rb8 Rc4 44. Rb5 Rd4 45. Ra5 Rc4 1/2-1/2

[Event "Tournoi francophone 005 Groupe B"]
[Site "Skype"]
[Date "????.??.??"]
[Round "3.3"]
[White "Gerbaux, Regis"]
[Black "Gharbi, Said"]
[Result "1/2-1/2"]
[WhiteElo "1505"]
[BlackElo "1653"]
[PlyCount "79"]

1. d4 e5 2. dxe5 Nc6 3. Nf3 Qe7 4. a3 Nxe5 5. e3 d5 6. Be2 Nf6 7. Nc3 c6 8. O-O
g6 9. Bd3 Bh6 10. Re1 O-O 11. e4 Bxc1 12. Rxc1 Nxf3+ 13. Qxf3 d4 14. Na2 Qe5
15. h3 Nh5 16. Be2 Re8 17. c3 dxc3 18. Rxc3 Rd8 19. Nc1 Rd2 20. Nd3 Qg5 21. Rc5
Qh6 22. e5 Qg5 23. e6 f5 24. Re5 Nf6 25. Qf4 Qxf4 26. Nxf4 Rxb2 27. Bc4 Kf8 28.
e7+ Ke8 29. Ne6 Bxe6 30. Rxe6 Rd2 31. Rxf6 Kd7 32. Bf7 Kc7 33. Bc4 Rd7 34. e8=Q
Rxe8 35. Rxe8 Rd1+ 36. Bf1 Kd7 37. Ree6 c5 38. Kh2 Rxf1 39. Re2 Ra1 40. Rf7+
1/2-1/2

[Event "Tournoi francophone 005 Groupe B"]
[Site "Skype"]
[Date "????.??.??"]
[Round "3.4"]
[White "Bourdeau, Yvan"]
[Black "Sahrane, Juba"]
[Result "0-1"]
[WhiteElo "1684"]
[BlackElo "1675"]
[PlyCount "58"]

1. c4 Nf6 2. Nc3 e6 3. Nf3 c5 4. g3 Nc6 5. Bg2 d5 6. cxd5 Nxd5 7. O-O Be7 8. d4
Nxc3 9. bxc3 cxd4 10. Nxd4 Nxd4 11. cxd4 O-O 12. Rb1 Rb8 13. Qa4 a6 14. e3 b5
15. Qc2 Bb7 16. Bxb7 Rxb7 17. Bd2 Rc7 18. Qb2 Qd5 19. Rfc1 Rfc8 20. Rxc7 Rxc7
21. Rc1 Rxc1+ 22. Bxc1 b4 23. Qb3 a5 24. Qxd5 exd5 25. f3 f5 26. Kf2 Kf7 27. e4
fxe4 28. fxe4 dxe4 29. Ke3 Bg5+ 0-1

[Event "Tournoi francophone 005 Groupe B"]
[Site "Skype"]
[Date "????.??.??"]
[Round "3.5"]
[White "Bousbia, Amine"]
[Black "Sauvaget, Joel"]
[Result "0-1"]
[WhiteElo "1776"]
[BlackElo "1580"]
[PlyCount "124"]

1. Nf3 d6 2. g3 Nf6 3. Bg2 e6 4. O-O Be7 5. d3 O-O 6. e4 e5 7. Nc3 Nc6 8. h3 h6
9. Ne2 Bd7 10. Nh4 Qc8 11. Kh2 Nh7 12. Nf5 Bxf5 13. exf5 Qxf5 14. Be4 Qe6 15.
f4 f5 16. Bg2 Kh8 17. fxe5 dxe5 18. c4 Bd6 19. a3 Rf6 20. Nc3 a6 21. Nd5 Rf7
22. Qh5 Raf8 23. Be3 Ne7 24. Rf2 c6 25. Nxe7 Qxe7 26. Raf1 f4 27. gxf4 exf4 28.
Kh1 Qxe3 29. Be4 Nf6 30. Qg6 Qxh3+ 31. Kg1 Nxe4 32. dxe4 Bc5 33. e5 Bxf2+ 34.
Rxf2 Qg3+ 35. Rg2 Qxg6 36. Rxg6 Re7 37. e6 Rf6 38. Rg4 Rexe6 39. Kf2 Re3 40.
Rh4 Kh7 41. Rg4 g5 42. Rg1 Rd6 43. Rb1 Rd2+ 44. Kf1 f3 45. b3 g4 46. a4 g3 47.
b4 Ree2 48. b5 cxb5 49. cxb5 axb5 50. axb5 f2 51. b6 Re1+ 52. Rxe1 fxe1=Q+ 53.
Kxe1 Rd6 54. Kf1 h5 55. Kg2 h4 56. Kh3 Rd4 57. Kg2 Kh6 58. Kh3 Kg5 59. Kg2 Kg4
60. Kh1 Rd2 61. Kg1 h3 62. Kf1 h2 0-1

[Event "Tournoi francophone 005 Groupe B"]
[Site "Skype"]
[Date "????.??.??"]
[Round "4.1"]
[White "Farthouat, Titoine"]
[Black "Sauvaget, Joel"]
[Result "1-0"]
[WhiteElo "1622"]
[BlackElo "1580"]
[PlyCount "35"]

1. e4 d6 2. d4 e6 3. Nf3 Nf6 4. Nc3 Be7 5. Bd3 Nbd7 6. O-O O-O 7. Bf4 Nh5 8.
Bd2 Nhf6 9. Re1 c5 10. Rc1 b6 11. Nb5 Bb7 12. Bf4 Qb8 13. e5 Ne8 14. exd6 Nxd6
15. dxc5 Nxc5 16. Nxd6 Bxd6 17. Bxd6 Qxd6 18. Bxh7+ 1-0

[Event "Tournoi francophone 005 Groupe B"]
[Site "Skype"]
[Date "????.??.??"]
[Round "4.2"]
[White "Sahrane, Juba"]
[Black "Bousbia, Amine"]
[Result "1-0"]
[WhiteElo "1675"]
[BlackElo "1776"]
[PlyCount "43"]

1. e4 d6 2. d4 g6 3. Nf3 Bg7 4. Nc3 Nc6 5. Bb5 Bd7 6. O-O Bxd4 7. Bxc6 Bxc3 8.
Bxd7+ Qxd7 9. bxc3 Nf6 10. e5 Nh5 11. exd6 cxd6 12. Qd4 f6 13. Re1 e5 14. Nxe5
fxe5 15. Rxe5+ Kf8 16. Bh6+ Ng7 17. Re6 Kg8 18. Rxd6 Qc7 19. Rd7 Ne6 20. Qd5
Qc6 21. Rg7+ Kf8 22. Rc7+ 1-0

[Event "Tournoi francophone 005 Groupe B"]
[Site "Skype"]
[Date "????.??.??"]
[Round "4.3"]
[White "Gharbi, Said"]
[Black "Bourdeau, Yvan"]
[Result "0-1"]
[WhiteElo "1653"]
[BlackElo "1684"]
[PlyCount "36"]

1. e4 c5 2. Nf3 d6 3. h3 Nf6 4. Nc3 Nc6 5. Bc4 a6 6. Ng5 e6 7. Nxf7 Kxf7 8. d3
Be7 9. O-O b5 10. Bb3 Nd4 11. Re1 Nxb3 12. axb3 Bd7 13. Qf3 Rf8 14. Ne2 Kg8 15.
Qg3 e5 16. f4 Nh5 17. Qh2 Bh4 18. f5 Bxe1 0-1

[Event "Tournoi francophone 005 Groupe B"]
[Site "Skype"]
[Date "????.??.??"]
[Round "4.4"]
[White "Siret, Bernard"]
[Black "Gerbaux, Regis"]
[Result "1-0"]
[WhiteElo "1714"]
[BlackElo "1505"]
[PlyCount "35"]

1. e4 e5 2. f4 exf4 3. Nf3 Be7 4. d4 d6 5. Nc3 Bg4 6. Bxf4 Nf6 7. Qd3 O-O 8.
Be2 h6 9. O-O-O Nh5 10. Be3 Nc6 11. a3 Bxf3 12. gxf3 Re8 13. Rdg1 Qd7 14. Bxh6
Qe6 15. Bxg7 Nxg7 16. Qe3 d5 17. Nxd5 Rad8 18. Nxc7 1-0

[Event "Tournoi francophone 005 Groupe B"]
[Site "Skype"]
[Date "????.??.??"]
[Round "5.1"]
[White "Brun, Jacques"]
[Black "Farthouat, Titoine"]
[Result "1-0"]
[WhiteElo "1774"]
[BlackElo "1622"]
[PlyCount "79"]

1. e4 c5 2. Nf3 d6 3. d4 cxd4 4. Qxd4 Nc6 5. Bb5 Bd7 6. Bxc6 Bxc6 7. Nc3 Nf6 8.
Bg5 h6 9. Bh4 g6 10. Bxf6 exf6 11. O-O-O Be7 12. Nd5 Bxd5 13. Qxd5 b6 14. Qc6+
Kf8 15. Rd5 Rc8 16. Qa4 Qc7 17. c3 Kg7 18. g4 Rhd8 19. h4 Qd7 20. Qxd7 Rxd7 21.
h5 g5 22. Nd4 Rc5 23. Nf5+ Kh7 24. Rhd1 Rxd5 25. exd5 Rc7 26. Re1 Bd8 27. Re8
Rd7 28. Nd4 Bc7 29. Nc6 a5 30. a4 Kg7 31. b4 axb4 32. cxb4 b5 33. a5 Kh7 34.
Ra8 Kg7 35. Ra7 Kf8 36. Rb7 Ke8 37. a6 Bd8 38. Rxd7 Kxd7 39. Nxd8 Kxd8 40. a7
1-0

[Event "Tournoi francophone 005 Groupe B"]
[Site "Skype"]
[Date "????.??.??"]
[Round "5.3"]
[White "Bourdeau, Yvan"]
[Black "Siret, Bernard"]
[Result "0-1"]
[WhiteElo "1684"]
[BlackElo "1714"]
[PlyCount "98"]

1. c4 f5 2. Nc3 Nf6 3. Nf3 e6 4. d3 Be7 5. Bf4 a6 6. Qc2 O-O 7. g3 Nc6 8. Bg2
Nh5 9. Bd2 Rb8 10. O-O b6 11. Rad1 g5 12. Qc1 g4 13. Ne1 Bb7 14. f4 Bf6 15. e3
Ng7 16. Ne2 h5 17. Bc3 h4 18. Bxf6 Qxf6 19. Qc3 Qh6 20. Nc2 Kf7 21. Kf2 Ne7 22.
Rh1 Bxg2 23. Kxg2 h3+ 24. Kf2 c5 25. d4 d5 26. dxc5 bxc5 27. cxd5 exd5 28. b3
Nh5 29. Qe5 Qc6 30. e4 d4 31. Ncxd4 cxd4 32. Nxd4 Qxe4 33. Qxe4 fxe4 34. Rhe1
Nf6 35. Nc2 Ned5 36. Ne3 Nxe3 37. Kxe3 Rfd8 38. Rd4 Rbc8 39. Rxd8 Rxd8 40. Re2
Rd3+ 41. Kf2 Ke6 42. Re3 Rd2+ 43. Re2 Rxe2+ 44. Kxe2 Nh5 45. Kf2 Kf5 46. a3
Nxg3 47. Kxg3 e3 48. b4 e2 49. Kf2 g3+ 0-1

[Event "Tournoi francophone 005 Groupe B"]
[Site "Skype"]
[Date "????.??.??"]
[Round "5.4"]
[White "Bousbia, Amine"]
[Black "Gharbi, Said"]
[Result "1/2-1/2"]
[WhiteElo "1776"]
[BlackElo "1653"]
[PlyCount "49"]

1. e4 e5 2. f4 Nc6 3. Nf3 Bc5 4. fxe5 Qe7 5. d4 Nxd4 6. Bg5 Nxf3+ 7. Qxf3 Qxg5
8. Bc4 Nh6 9. Nc3 Qxe5 10. O-O-O c6 11. Rhf1 O-O 12. g4 Qg5+ 13. Kb1 Qxg4 14.
Qh1 d5 15. exd5 Qxc4 16. dxc6 b5 17. c7 Bg4 18. Rd7 Bxd7 19. Nd5 Bc6 20. Nf6+
gxf6 21. Rg1+ Kh8 22. Qxc6 Bxg1 23. Qxf6+ Kg8 24. Qg5+ Kh8 25. Qf6+ 1/2-1/2

[Event "Tournoi francophone 005 Groupe B"]
[Site "Skype"]
[Date "????.??.??"]
[Round "5.5"]
[White "Sauvaget, Joel"]
[Black "Sahrane, Juba"]
[Result "1-0"]
[WhiteElo "1580"]
[BlackElo "1675"]
[PlyCount "78"]

1. d4 d5 2. Nf3 e6 3. e3 Nf6 4. c3 c5 5. dxc5 Bxc5 6. Nbd2 Nc6 7. Nb3 Bb6 8.
Be2 O-O 9. O-O Bd7 10. Nbd4 Nxd4 11. exd4 Rc8 12. Bg5 h6 13. Bh4 a6 14. Re1 Ba7
15. Bd3 b5 16. a3 g5 17. Bg3 Qb6 18. Bc2 a5 19. Be5 Ng4 20. Qd3 f5 21. h3 Nxe5
22. Rxe5 b4 23. axb4 axb4 24. cxb4 Bb8 25. Ree1 Qxb4 26. Ra2 h5 27. Rea1 g4 28.
hxg4 hxg4 29. Ne5 Bxe5 30. dxe5 Bb5 31. Qd1 Bc4 32. b3 Bb5 33. Bd3 Bxd3 34.
Qxd3 Rc3 35. Qa6 Re8 36. Qa4 Rb8 37. Qd7 Qb6 38. Ra7 Qxf2+ 39. Kxf2 g3+ 1-0

[Event "Tournoi francophone 005 Groupe B"]
[Site "Skype"]
[Date "????.??.??"]
[Round "6.1"]
[White "Farthouat, Titoine"]
[Black "Sahrane, Juba"]
[Result "1-0"]
[WhiteElo "1622"]
[BlackElo "1675"]
[PlyCount "89"]

1. e4 e6 2. d4 d5 3. exd5 exd5 4. c4 dxc4 5. Bxc4 Nf6 6. Nf3 Bb4+ 7. Bd2 Qd6 8.
Qb3 Bxd2+ 9. Nbxd2 Qe7+ 10. Be2 O-O 11. Qd3 Re8 12. Nc4 Nc6 13. a3 Nd5 14. Nfe5
Nxe5 15. dxe5 Nf4 16. Qf3 Qg5 17. g3 Bh3 18. gxf4 Qh6 19. Rg1 Rad8 20. Rd1
Rxd1+ 21. Bxd1 b5 22. Na5 f6 23. Qh5 Qxh5 24. Bxh5 g6 25. Nc6 fxe5 26. Nxe5 Bf5
27. Be2 a6 28. h4 c5 29. h5 c4 30. hxg6 hxg6 31. Nxg6 Kf7 32. Ne5+ Kf6 33. Rh1
Re6 34. Rh6+ Ke7 35. Rxe6+ Bxe6 36. Nc6+ Kf6 37. Bf3 Bd7 38. Ne5 Be8 39. Bb7 a5
40. Bc6 Bxc6 41. Nxc6 Kf5 42. Nxa5 Kxf4 43. Nc6 Ke4 44. Na7 Kd4 45. Nxb5+ 1-0

[Event "Tournoi francophone 005 Groupe B"]
[Site "Skype"]
[Date "????.??.??"]
[Round "6.2"]
[White "Gharbi, Said"]
[Black "Sauvaget, Joel"]
[Result "0-1"]
[WhiteElo "1653"]
[BlackElo "1580"]
[PlyCount "76"]

1. e4 d6 2. Nf3 Nf6 3. Nc3 g6 4. d4 Bg7 5. Bc4 e6 6. O-O O-O 7. Re1 Nc6 8. Bg5
Ne7 9. e5 Nd7 10. Bd3 Qe8 11. exd6 cxd6 12. Bb5 a6 13. Ba4 b5 14. Bb3 d5 15. a4
b4 16. Ne2 Nf5 17. c3 bxc3 18. Nxc3 h6 19. Bf4 g5 20. Bc7 Ra7 21. Ba5 Nf6 22.
Bc2 Ne7 23. Bb4 Qd7 24. a5 Bb7 25. Ba4 Bc6 26. Ne5 Qc7 27. Bxe7 Qxe7 28. Nxc6
Qc7 29. Nxa7 Qxa7 30. Na2 Ne4 31. Nb4 Bxd4 32. Kf1 Bxf2 33. Re2 Rc8 34. Bc2 Bc5
35. Bxe4 dxe4 36. Rxe4 Bg1 37. Re2 Bxh2 38. Rc1 Qg1# 0-1

[Event "Tournoi francophone 005 Groupe B"]
[Site "Skype"]
[Date "????.??.??"]
[Round "6.3"]
[White "Siret, Bernard"]
[Black "Bousbia, Amine"]
[Result "0-1"]
[WhiteElo "1714"]
[BlackElo "1776"]
[PlyCount "72"]

1. e4 d6 2. d4 g6 3. f3 Bg7 4. Bd3 Nc6 5. c3 a6 6. a4 a5 7. Ne2 Nf6 8. Na3 O-O
9. Nc4 e5 10. d5 Ne7 11. Be3 h5 12. Qd2 Kh7 13. h3 c6 14. dxc6 bxc6 15. g4 Be6
16. Ng3 d5 17. Nxe5 Qc7 18. f4 dxe4 19. Nxe4 Rad8 20. Nxf6+ Bxf6 21. gxh5 Bh4+
22. Bf2 Rxd3 23. Nxd3 Bxf2+ 24. Qxf2 Rd8 25. Nc5 Bf5 26. Rd1 Nd5 27. hxg6+ fxg6
28. Qh4+ Kg7 29. c4 Re8+ 30. Kf1 Ne3+ 31. Kf2 Ng4+ 32. hxg4 Qxf4+ 33. Kg2 Re2+
34. Kg1 Qe3+ 35. Kf1 Qf3+ 36. Kg1 Rg2# 0-1

[Event "Tournoi francophone 005 Groupe B"]
[Site "Skype"]
[Date "????.??.??"]
[Round "6.5"]
[White "Brun, Jacques"]
[Black "Gerbaux, Regis"]
[Result "1-0"]
[WhiteElo "1774"]
[BlackElo "1505"]
[PlyCount "47"]

1. e4 e5 2. Nf3 Nf6 3. Nc3 d6 4. h3 Be7 5. Bc4 O-O 6. a3 a6 7. O-O b5 8. Ba2
Bb7 9. Re1 Nbd7 10. d4 c6 11. Bg5 h6 12. Bh4 Qc7 13. Rc1 Rac8 14. dxe5 Nxe5 15.
Nxe5 dxe5 16. Qe2 c5 17. Bg3 Bd6 18. Red1 Rcd8 19. Nd5 Nxd5 20. Bxd5 Bxd5 21.
Rxd5 Rfe8 22. Rcd1 Re6 23. Qd2 Rde8 24. Rxd6 1-0

[Event "Tournoi francophone 005 Groupe B"]
[Site "Skype"]
[Date "????.??.??"]
[Round "7.1"]
[White "Gerbaux, Regis"]
[Black "Farthouat, Titoine"]
[Result "1/2-1/2"]
[WhiteElo "1505"]
[BlackElo "1622"]
[PlyCount "47"]

1. e4 c5 2. Nf3 d6 3. d4 cxd4 4. Nxd4 Nf6 5. Nc3 Bd7 6. Bc4 e6 7. O-O Nc6 8. h3
Be7 9. Bg5 Nxe4 10. Nxe4 Bxg5 11. Nxd6+ Ke7 12. Nxb7 Qb6 13. Nxc6+ Qxc6 14. Na5
Qa4 15. f4 Bf6 16. Qd2 Bxb2 17. Rad1 Ba3 18. f5 Bb4 19. Qg5+ Ke8 20. fxe6 fxe6
21. Qxg7 Rf8 22. Qxh7 Be7 23. Rxf8+ Bxf8 24. Qg6+ 1/2-1/2

[Event "Tournoi francophone 005 Groupe B"]
[Site "Skype"]
[Date "????.??.??"]
[Round "7.2"]
[White "Bourdeau, Yvan"]
[Black "Brun, Jacques"]
[Result "1/2-1/2"]
[WhiteElo "1684"]
[BlackElo "1774"]
[PlyCount "121"]

1. c4 c6 2. Nc3 g6 3. Nf3 d5 4. d4 Bg7 5. e3 Nf6 6. Bd3 O-O 7. O-O Re8 8. h3
Na6 9. cxd5 cxd5 10. Ne5 Nb4 11. Bb5 Rf8 12. a3 Na6 13. Qa4 Nc7 14. Bd3 Nd7 15.
f4 Nb6 16. Qd1 f6 17. Nf3 Re8 18. Qc2 Bd7 19. Bd2 Rc8 20. Rac1 Nb5 21. Qb1 Nd6
22. b3 Nf7 23. Nb5 a6 24. Rxc8 Nxc8 25. Nc3 Bc6 26. f5 g5 27. g4 Ncd6 28. Be1
Qd7 29. Bg3 h6 30. Rc1 Kf8 31. Na2 Bb5 32. Nb4 Bxd3 33. Qxd3 Nb5 34. a4 a5 35.
axb5 axb4 36. Rc7 Qd8 37. Qc2 Nd6 38. Bxd6 Qxd6 39. Kg2 b6 40. Rc6 Qb8 41. Ne1
Kf7 42. Nd3 Bf8 43. Nxb4 Rd8 44. Na6 Qb7 45. Rc7 Qa8 46. Qc6 Qxc6 47. bxc6 Ra8
48. Nb4 Ke8 49. Nxd5 Ra2+ 50. Kg3 Rc2 51. Nb4 Rc3 52. Nd5 Rc1 53. Nxb6 e6 54.
Rc8+ Kf7 55. Rc7+ Ke8 56. Rc8+ Kf7 57. c7 Bd6+ 58. Kf3 Rxc7 59. Rxc7+ Bxc7 60.
fxe6+ Kxe6 61. Nc4 1/2-1/2

[Event "Tournoi francophone 005 Groupe B"]
[Site "Skype"]
[Date "????.??.??"]
[Round "7.5"]
[White "Sahrane, Juba"]
[Black "Gharbi, Said"]
[Result "0-1"]
[WhiteElo "1675"]
[BlackElo "1653"]
[PlyCount "62"]

1. d4 e5 2. dxe5 Nc6 3. Nf3 Qe7 4. Bf4 Qb4+ 5. Nc3 Qxf4 6. e3 Qb4 7. a3 Qxb2 8.
Na4 Bb4+ 9. Ke2 Qxa3 10. Rxa3 Bxa3 11. Qa1 Bb4 12. e6 f6 13. exd7+ Bxd7 14. c3
Bc5 15. Nxc5 Bc8 16. Qb2 b6 17. Qb5 Nge7 18. Ne4 O-O 19. g3 a5 20. Bg2 Ba6 21.
Qxa6 Rxa6 22. Rd1 a4 23. Ned2 a3 24. Nb3 a2 25. Ne1 Ra3 26. Na1 Rxc3 27. Rd2
Nb4 28. Rb2 c5 29. Bh3 Rc1 30. Be6+ Kh8 31. Nec2 Nxc2 0-1

[Event "Tournoi francophone 005 Groupe B"]
[Site "Skype"]
[Date "????.??.??"]
[Round "8.1"]
[White "Farthouat, Titoine"]
[Black "Gharbi, Said"]
[Result "1-0"]
[WhiteElo "1622"]
[BlackElo "1653"]
[PlyCount "73"]

1. e4 d5 2. exd5 Qxd5 3. Nf3 Bg4 4. Be2 Nf6 5. d4 c5 6. c4 Qd6 7. d5 e6 8. Nc3
Bxf3 9. Bxf3 Qe5+ 10. Qe2 Qxe2+ 11. Bxe2 exd5 12. cxd5 Bd6 13. Nb5 Be5 14. d6
Kd7 15. Nc7 Nc6 16. Nxa8 Rxa8 17. Bb5 Bxd6 18. O-O Kc7 19. Bxc6 Kxc6 20. Re1 c4
21. Bd2 b5 22. Rac1 Bc5 23. h3 Rd8 24. Bc3 Nh5 25. Rcd1 Rf8 26. Rd2 b4 27. Bd4
Rd8 28. Red1 Be7 29. Bxa7 Ra8 30. Rd7 Bf6 31. R1d6+ Kb5 32. Rb7+ Ka5 33. Rdb6
Bxb2 34. Rb5+ Ka6 35. Be3 Nf6 36. R7b6+ Ka7 37. Ra5# 1-0

[Event "Tournoi francophone 005 Groupe B"]
[Site "Skype"]
[Date "????.??.??"]
[Round "8.2"]
[White "Siret, Bernard"]
[Black "Sahrane, Juba"]
[Result "1-0"]
[WhiteElo "1714"]
[BlackElo "1675"]
[PlyCount "73"]

1. g4 e6 2. Bg2 d5 3. c4 Nf6 4. h3 h6 5. cxd5 exd5 6. d3 Bc5 7. Nf3 O-O 8. O-O
c6 9. Nc3 Qd6 10. e4 dxe4 11. dxe4 Qxd1 12. Rxd1 Be6 13. Bf4 Na6 14. Bf1 Nb8
15. Bg2 Nbd7 16. Rac1 Bb4 17. Nd4 Nc5 18. Bd6 Rfd8 19. Nxe6 fxe6 20. e5 Bxc3
21. exf6 Bxb2 22. Bxc5 Bxc1 23. Rxc1 gxf6 24. Be3 Kg7 25. a4 Rd3 26. Rb1 Rd7
27. a5 Rc7 28. Bc5 Rd7 29. a6 b6 30. Bxc6 Rc7 31. Bxa8 Rxc5 32. Rd1 Rc7 33. Be4
Kf7 34. Rd8 Kg7 35. Rb8 Kf7 36. Rb7 Rxb7 37. axb7 1-0

[Event "Tournoi francophone 005 Groupe B"]
[Site "Skype"]
[Date "????.??.??"]
[Round "8.5"]
[White "Gerbaux, Regis"]
[Black "Bourdeau, Yvan"]
[Result "0-1"]
[WhiteElo "1505"]
[BlackElo "1684"]
[PlyCount "36"]

1. e4 c5 2. Nf3 d6 3. d4 cxd4 4. Nxd4 Nf6 5. Nc3 Nc6 6. Nxc6 bxc6 7. Qf3 Bg4 8.
Qd3 e5 9. Be2 Be6 10. Be3 Be7 11. O-O O-O 12. b4 Qc7 13. b5 d5 14. exd5 cxd5
15. Bg5 e4 16. Qe3 Bc5 17. Qf4 Bd6 18. Qh4 Qxc3 0-1

[Event "Tournoi francophone 005 Groupe B"]
[Site "Skype"]
[Date "????.??.??"]
[Round "9.1"]
[White "Bourdeau, Yvan"]
[Black "Farthouat, Titoine"]
[Result "0-1"]
[WhiteElo "1684"]
[BlackElo "1622"]
[PlyCount "86"]

1. e4 c5 2. Nf3 d6 3. d4 cxd4 4. Nxd4 g6 5. Bb5+ Bd7 6. Bxd7+ Nxd7 7. O-O Bg7
8. Be3 Ngf6 9. f3 O-O 10. Qd2 Re8 11. Nc3 Ne5 12. b3 Rc8 13. Nce2 a6 14. c4 b6
15. Rac1 e6 16. Rfd1 d5 17. f4 Neg4 18. cxd5 Nxe4 19. Qd3 exd5 20. Nc6 Qd7 21.
Ned4 Nxe3 22. Qxe3 Bxd4 23. Nxd4 Nc3 24. Rxc3 Rxe3 25. Rxe3 Rc5 26. Rde1 Qc7
27. Re8+ Kg7 28. R8e7 Qd6 29. Ne6+ Kf6 30. Nxc5 Qxc5+ 31. Kf1 Qxe7 32. Rxe7
Kxe7 33. Ke2 Kd6 34. Kd3 Kc5 35. a3 a5 36. h3 f5 37. g4 h6 38. gxf5 gxf5 39. h4
h5 40. b4+ axb4 41. axb4+ Kxb4 42. Kd4 b5 43. Kxd5 Kc3 0-1